<?xml version="1.0" encoding="UTF-8"?>
<record
    xmlns:xsi="http://www.w3.org/2001/XMLSchema-instance"
    xsi:schemaLocation="http://www.loc.gov/MARC21/slim http://www.loc.gov/standards/marcxml/schema/MARC21slim.xsd"
    xmlns="http://www.loc.gov/MARC21/slim">

  <leader>03037nam a22003497a 4500</leader>
  <controlfield tag="003">OSt</controlfield>
  <controlfield tag="005">20260213142239.0</controlfield>
  <controlfield tag="008">241018b        mx a||||d|||| 001 0 eng d</controlfield>
  <datafield tag="020" ind1=" " ind2=" ">
    <subfield code="a">978 - 1 -4562 - 6922 - 7</subfield>
  </datafield>
  <datafield tag="040" ind1=" " ind2=" ">
    <subfield code="a">PA</subfield>
    <subfield code="c">CHAP</subfield>
    <subfield code="e">rda</subfield>
  </datafield>
  <datafield tag="041" ind1=" " ind2=" ">
    <subfield code="a">spa</subfield>
    <subfield code="b">spa</subfield>
    <subfield code="f">spa</subfield>
    <subfield code="h">eng</subfield>
  </datafield>
  <datafield tag="082" ind1="0" ind2=" ">
    <subfield code="2">8</subfield>
    <subfield code="a">PA 574.87 </subfield>
    <subfield code="b">K37 2019</subfield>
  </datafield>
  <datafield tag="100" ind1="0" ind2=" ">
    <subfield code="a">Karp, Gerald</subfield>
    <subfield code="9">62752</subfield>
  </datafield>
  <datafield tag="245" ind1="1" ind2=" ">
    <subfield code="a">Biologia Celular y Molecular: </subfield>
    <subfield code="b">Conceptos y Experimentos</subfield>
    <subfield code="c">Gerald Karp, Janet Iwasa, Wallace Marshall</subfield>
  </datafield>
  <datafield tag="250" ind1=" " ind2=" ">
    <subfield code="a">8a ed</subfield>
  </datafield>
  <datafield tag="264" ind1=" " ind2=" ">
    <subfield code="a">M&#xE9;xico:</subfield>
    <subfield code="b">McGraw-Hill Interamericana Editores, S.A. de C.V.,</subfield>
    <subfield code="c">2019</subfield>
  </datafield>
  <datafield tag="300" ind1=" " ind2=" ">
    <subfield code="a">xxx, 740 p. (paginaci&#xF3;n variada)</subfield>
  </datafield>
  <datafield tag="336" ind1=" " ind2=" ">
    <subfield code="2">rdacontent</subfield>
    <subfield code="a">texto</subfield>
    <subfield code="b">txt</subfield>
  </datafield>
  <datafield tag="337" ind1=" " ind2=" ">
    <subfield code="2">rdamedia</subfield>
    <subfield code="a">sin medio</subfield>
    <subfield code="b">n</subfield>
  </datafield>
  <datafield tag="338" ind1=" " ind2=" ">
    <subfield code="2">rdacarrier</subfield>
    <subfield code="a">volumen</subfield>
    <subfield code="b">nc</subfield>
  </datafield>
  <datafield tag="500" ind1=" " ind2=" ">
    <subfield code="a">Traducido de la octava edici&#xF3;n inglesa de: Cell and Molecular Biology, Concepts and Experiments</subfield>
  </datafield>
  <datafield tag="505" ind1=" " ind2=" ">
    <subfield code="g">1.Introducci&#xF3;n al estudio de la c&#xE9;lula y la biolog&#xED;a molecular --
2. Las bases qu&#xED;micas de la vida --
3.Bioenerg&#xE9;tica, enzimas y metabolismo --
4.Estructura y funci&#xF3;n de la membrana plasm&#xE1;tica --
5.Las mitocondrias y la respiraci&#xF3;n aer&#xF3;bica --
6.La fotos&#xED;ntesis y los cloroplastos --
7.Interacciones entre las c&#xE9;lulas y su entorno -- 
8.Sistemas de membrana citopl&#xE1;smica: estructura, funci&#xF3;n y tr&#xE1;fico de membranas --
9.El citoesqueleto y la motilidad celular --
10.La naturaleza del gen y el genoma --
11.El dogma central: del DNA al RNA a la prote&#xED;na -- 
12.Control de la expresi&#xF3;n gen&#xE9;tica --
13.Replicaci&#xF3;n y reparaci&#xF3;n de DNA 
14.Divisi&#xF3;n celular --
15.Se&#xF1;alizaci&#xF3;n celular y transducci&#xF3;n de se&#xF1;al: comunicaci&#xF3;n entre c&#xE9;lulas --
16.C&#xE1;ncer --
17.La respuesta inmune -- 
18.T&#xE9;cnicas en biolog&#xED;a molecular y celular --
Glosario --
Lecturas adicionales --
T&#xE9;rminos clave --
&#xCD;ndice. </subfield>
  </datafield>
  <datafield tag="520" ind1=" " ind2=" ">
    <subfield code="a">Durante las &#xFA;ltimas dos d&#xE9;cadas, el Dr. Gerald Karp ha escrito Biolog&#xED;a celular y molecular: conceptos y experimentos. Durante este tiempo ha mantenido un enfoque consistente al combinar el rigor con la accesibilidad, de modo que incluso los estudiantes sin formaci&#xF3;n previa en biolog&#xED;a celular, biolog&#xED;a molecular o bioqu&#xED;mica han podido aprender biolog&#xED;a celular, no solo como una recopilaci&#xF3;n de datos, sino como un proceso de descubrimiento. El valor de este enfoque es que las lecciones aprendidas se extienden mucho m&#xE1;s all&#xE1; del campo de la biolog&#xED;a celular, y proporcionan una manera para que los estudiantes aprendan c&#xF3;mo funciona la ciencia, c&#xF3;mo los nuevos experimentos pueden anular los dogmas anteriores, y c&#xF3;mo las nuevas t&#xE9;cnicas pueden conducir a un descubrimiento innovador. Este enfoque hace que la biolog&#xED;a celular cobre vida.</subfield>
  </datafield>
  <datafield tag="534" ind1=" " ind2=" ">
    <subfield code="p">T&#xED;tulo original: Cell and Molecular Biology, Concepts and Experiments</subfield>
  </datafield>
  <datafield tag="650" ind1=" " ind2="0">
    <subfield code="a">Biolog&#xED;a celular</subfield>
    <subfield code="9">139482</subfield>
  </datafield>
  <datafield tag="650" ind1=" " ind2="7">
    <subfield code="a">Citolog&#xED;a</subfield>
    <subfield code="9">23489</subfield>
  </datafield>
  <datafield tag="650" ind1=" " ind2="7">
    <subfield code="a">Biof&#xED;sica</subfield>
    <subfield code="9">12735</subfield>
  </datafield>
  <datafield tag="700" ind1=" " ind2=" ">
    <subfield code="a">Iwasa, Janet</subfield>
    <subfield code="e">Autor</subfield>
    <subfield code="9">189777</subfield>
  </datafield>
  <datafield tag="700" ind1=" " ind2=" ">
    <subfield code="a">Marshall, Wallace</subfield>
    <subfield code="e">Autor</subfield>
    <subfield code="9">189778</subfield>
  </datafield>
  <datafield tag="700" ind1=" " ind2=" ">
    <subfield code="a">Outsourcing, Miramar</subfield>
    <subfield code="e">tr.</subfield>
    <subfield code="9">189761</subfield>
  </datafield>
  <datafield tag="942" ind1=" " ind2=" ">
    <subfield code="2">ddc</subfield>
    <subfield code="c">LIBRO</subfield>
  </datafield>
  <datafield tag="999" ind1=" " ind2=" ">
    <subfield code="c">220215</subfield>
    <subfield code="d">220215</subfield>
  </datafield>
  <datafield tag="952" ind1=" " ind2=" ">
    <subfield code="0">0</subfield>
    <subfield code="1">0</subfield>
    <subfield code="2">ddc</subfield>
    <subfield code="4">0</subfield>
    <subfield code="5">1</subfield>
    <subfield code="7">0</subfield>
    <subfield code="8">GRAL</subfield>
    <subfield code="a">PA</subfield>
    <subfield code="b">PA</subfield>
    <subfield code="d">2024-10-18</subfield>
    <subfield code="e">Compra</subfield>
    <subfield code="f">Libro</subfield>
    <subfield code="i">c/e</subfield>
    <subfield code="l">0</subfield>
    <subfield code="o">PA 574.87 K37 2019</subfield>
    <subfield code="p">4102004051</subfield>
    <subfield code="r">2024-10-18 14:21:16</subfield>
    <subfield code="t">Ej.1</subfield>
    <subfield code="w">2024-10-18</subfield>
    <subfield code="y">LIBRO</subfield>
  </datafield>
  <datafield tag="952" ind1=" " ind2=" ">
    <subfield code="0">0</subfield>
    <subfield code="1">0</subfield>
    <subfield code="2">ddc</subfield>
    <subfield code="4">0</subfield>
    <subfield code="5">3</subfield>
    <subfield code="7">0</subfield>
    <subfield code="8">GRAL</subfield>
    <subfield code="a">PA</subfield>
    <subfield code="b">PA</subfield>
    <subfield code="d">2024-11-18</subfield>
    <subfield code="f">Libro</subfield>
    <subfield code="i">c/e</subfield>
    <subfield code="l">4</subfield>
    <subfield code="o">PA 574.87 K37 2019</subfield>
    <subfield code="p">4102004052</subfield>
    <subfield code="r">2025-11-12 17:00:05</subfield>
    <subfield code="s">2025-11-05</subfield>
    <subfield code="t">Ej.2</subfield>
    <subfield code="w">2024-11-18</subfield>
    <subfield code="y">LIBRO</subfield>
  </datafield>
  <datafield tag="952" ind1=" " ind2=" ">
    <subfield code="0">0</subfield>
    <subfield code="1">0</subfield>
    <subfield code="2">ddc</subfield>
    <subfield code="4">0</subfield>
    <subfield code="5">3</subfield>
    <subfield code="7">0</subfield>
    <subfield code="8">GRAL</subfield>
    <subfield code="a">PA</subfield>
    <subfield code="b">PA</subfield>
    <subfield code="d">2024-11-18</subfield>
    <subfield code="f">Libro</subfield>
    <subfield code="i">c/e</subfield>
    <subfield code="l">4</subfield>
    <subfield code="o">PA 574.87 K37 2019</subfield>
    <subfield code="p">4102004053</subfield>
    <subfield code="r">2025-11-11 12:49:10</subfield>
    <subfield code="s">2025-11-07</subfield>
    <subfield code="t">Ej.3</subfield>
    <subfield code="w">2024-11-18</subfield>
    <subfield code="y">LIBRO</subfield>
  </datafield>
</record>
